01416cam a22002771i 4500001001300000003000400013005001700017008004100034010001700075035001900092040005600111042001200167050002700179051001500206110002900221245004400250260004900294300003900343490004100382504002800423505051900451651002900970700005600999810006601055999001701121gs 15000464 DLC20260227111318.0791210m19151933dcuab f001 0 eng c ags 15000464  a(OCoLC)5777774 aU.S. Geol. Survey Libr.cNCobUAdNCobUAdOCoLCdDLC apremarc00aQE75b.B9 no.611, etc. aF591b.U582 aGeological Survey (U.S.)10aGuidebook of the western United States. aWashington :bGovt. Print. Off.,c1915-1933. a6 v. :bill., fold. maps ;c24 cm.1 aIts Bulletin;vno. 611-614, 707, 845 aIncludes bibliograhies.0 apt. A. The Northern Pacific route, with a side trip to Yellowstone National Park, by M.R. Campbell and others-pt. B. The Overland route with a side trip to Yellowstone Park, by W.T. Lee [and others]-pt. C. The Santa Fe route, with a side trip to the Grand Canyon of the Colorado, by N.H.Darton and others.-pt. D. The Shasta route and coastline, by J.S. Diller and others.-pt. E. The Denver & Rio Grande western route, by M.R. Campbell.-pt. F. The Southern Pacific lines, New Orleans to Los Angeles, by N.H. Darton. 0aWest (U.S.)vGuidebooks.1 aCampbell, Marius R.q(Marius Robinson),d1858-1940.2 aGeological Survey (U.S.).tBulletin ;vno. 611-614, 707, 845. c25534d25534